El Alto costo de la vida
Guardado en:
| Autor principal: | |
|---|---|
| Formato: | Texto |
| Publicado: |
Guatemala:
s.e.
|
| Etiquetas: |
Agregar Etiqueta
Sin Etiquetas, Sea el primero en etiquetar este registro!
|
MARC
| LEADER | 00000 a a2200000 04500 | ||
|---|---|---|---|
| 001 | 25198 | ||
| 003 | |||
| 040 | |||
| 090 | |a 180200 | ||
| 100 | |a Osorio Paz, Saúl | ||
| 245 | |a El Alto costo de la vida | ||
| 260 | |a Guatemala: |b s.e. | ||
| 300 | |a 22 p. | ||
| 999 | |c 1274 |d 1274 | ||
